Podaj Nazwę Kolorów w Fladze - Wielka Brytania - Statystyki

Ogólne statystyki
  • Ten quiz został rozwiązany 54 razy
  • Średni wynik to 17 z 19
Odpowiedzi na mapie
Odpowiedzi zakodowano w zielono-czerwonej skali na mapie do tego quizu, zgodnie z poniższymi procentami.
 
Statystyki odpowiedzi
Odpowiedź % Poprawnych
Czerwony
95%
Czerwony
95%
Czerwony
95%
Czerwony
95%
Czerwony
95%
Niebieski
93%
Biały
91%
Biały
91%
Biały
91%
Biały
91%
Biały
91%
Biały
91%
Biały
91%
Biały
91%
Biały
91%
Biały
91%
Biały
91%
Biały
91%
Czerwony
37%
Nie znaleziono quizów pasujących do podanych kryteriów
Rozkład punktacji
Procent ludzi z każdym wynikiem
Percentyl według liczby udzielonych odpowiedzi
Twoja historia wyników
Nie rozwiązałeś tego quizu